Гносеологические аспекты образования (Запись № 11408364)

Подробности
000 -МАРКЕР
контрольное поле 03446nam0a2200421 4500
001 - ИДЕНТИФИКАТОР ЗАПИСИ
контрольное поле RU\NLR\BIBL_A\012001734
005 - ИДЕНТИФИКАТОР ВЕРСИИ
контрольное поле 20230614145156.0
010 ## - МЕЖДУНАРОДНЫЙ СТАНДАРТНЫЙ НОМЕР КНИГИ (ISBN)
Номер (ISBN) 978-5-88526-988-9
Тираж 60
021 ## - НОМЕР ГОСУДАРСТВЕННОЙ РЕГИСТРАЦИИ
Код страны Российская Федерация
Номер КН-П-19-024015
Номер Листа государственной регистраци КН-П-19-1814
035 ## - ДРУГИЕ СИСТЕМНЫЕ НОМЕРА
Идентификатор записи (NLR Aleph) 012001734
035 ## - ДРУГИЕ СИСТЕМНЫЕ НОМЕРА
Идентификатор записи (RuMoRGB)009937781
100 ## - ДАННЫЕ ОБЩЕЙ ОБРАБОТКИ
Данные общей обработки 20190426d2018 k y0rusy50 ca
101 0# - ЯЗЫК РЕСУРСА
Язык текста, звукозаписи и т.д. русский
Язык резюме английский
102 ## - СТРАНА ПУБЛИКАЦИИ ИЛИ ПРОИЗВОДСТВА
Страна публикации Российская Федерация
105 ## - ПОЛЕ КОДИРОВАННЫХ ДАННЫХ: ТЕКСТОВЫЕ МАТЕРИАЛЫ, МОНОГРАФИЧЕСКИЕ
Кодированные данные о монографическом текстовом документе ac z 100zy
200 1# - ЗАГЛАВИЕ И СВЕДЕНИЯ ОБ ОТВЕТСТВЕННОСТИ
Основное заглавие Гносеологические аспекты образования
Сведения, относящиеся к заглавию [материалы III Международной научно-практической конференции]
-- международный сборник научных трудов, посвящённый памяти профессора С. П. Баранова
Первые сведения об ответственности Министерство науки и высшего образования Российской Федерации, Федеральное государственное бюджетное образовательное учреждение высшего образования "Липецкий государственный педагогический университет имени П. П. Семенова-Тян-Шанского", Институт психологии и образования
Последующие сведения об ответственности [ответственные редакторы: А. Ж. Овчинникова, доктор педагогических наук, профессор, Л. З. Цветанова-Чурукова, доктор педагогических наук]
210 ## - ПУБЛИКАЦИЯ, РАСПРОСТРАНЕНИЕ И ДР.
Место издания, распространения и т.д. Липецк
Имя издателя, распространителя и т. д. Липецкий государственный педагогический университет имени П. П. Семенова-Тян-Шанского"
Дата издания, распространения и т.д. 2018
215 ## - ФИЗИЧЕСКАЯ ХАРАКТЕРИСТИКА
Специфическое обозначение материала и объем 515 с.
Другие сведения о физической характеристике ил., табл., портр.
Размеры 20
300 ## - ОБЩИЕ ПРИМЕЧАНИЯ
Текст примечания Рез. англ.
320 ## - ПРИМЕЧАНИЯ О НАЛИЧИИ В ДОКУМЕНТЕ БИБЛИОГРАФИИ / УКАЗАТЕЛЯ
Текст примечания Библиогр. в конце ст.
600 #1 - ИМЯ ЛИЦА КАК ПРЕДМЕТ
Начальный элемент ввода Баранов
Часть имени, кроме начального элемента ввода С. П.
Расширение инициалов личного имени Сергей Петрович
Даты 1927 - 2013
Формальный подзаголовок Съезды, совещания и т.п
Код системы nlr_sh2
Идентификатор авторитетной/нормативной записи RU\NLR\AUTH\6601605211
606 1# - НАИМЕНОВАНИЕ ТЕМЫ КАК ПРЕДМЕТ
Наименование темы Образование
Тематический подзаголовок Философские вопросы
Формальный подзаголовок Съезды, совещания и т.п
Код системы nlr_sh2
Идентификатор авторитетной/нормативной записи RU\NLR\AUTH\66769152
686 1# - ИНДЕКСЫ ДРУГИХ КЛАССИФИКАЦИЙ
Индекс Ч30в.я431
686 1# - ИНДЕКСЫ ДРУГИХ КЛАССИФИКАЦИЙ
Индекс Ч33(2)7-8Баранов.я431
686 1# - ИНДЕКСЫ ДРУГИХ КЛАССИФИКАЦИЙ
Индекс Ю252:Ч30я431
702 #1 - ИМЯ ЛИЦА - ВТОРИЧНАЯ ОТВЕТСТВЕННОСТЬ
Начальный элемент ввода Овчинникова
Часть имени, кроме начального элемента ввода А. Ж.
Дополнения к именам, кроме дат д-р. пед. наук
Даты 1954-
Расширение инициалов личного имени Александра Жоресовна
Идентификатор авторитетной/нормативной записи RU\NLR\AUTH\773092
Код отношения Редактор
702 #1 - ИМЯ ЛИЦА - ВТОРИЧНАЯ ОТВЕТСТВЕННОСТЬ
Начальный элемент ввода Цветанова-Чурукова
Часть имени, кроме начального элемента ввода Л. З.
Расширение инициалов личного имени Лидия Здравкова
Идентификатор авторитетной/нормативной записи RU\NLR\AUTH\770165199
Код отношения Редактор
702 #1 - ИМЯ ЛИЦА - ВТОРИЧНАЯ ОТВЕТСТВЕННОСТЬ
Начальный элемент ввода Баранов
Часть имени, кроме начального элемента ввода С. П.
Дополнения к именам, кроме дат канд. пед. наук
Даты 1929-2013
Расширение инициалов личного имени Сергей Петрович
Идентификатор авторитетной/нормативной записи RU\NLR\AUTH\777258
Код отношения Прочие
711 12 - НАИМЕНОВАНИЕ ОРГАНИЗАЦИИ - АЛЬТЕРНАТИВНАЯ ОТВЕТСТВЕННОСТЬ
Начальный элемент ввода "Гносеологические аспекты образования", международная научно-практическая конференция
Порядковый номер временной организации и / или порядковый номер ее части 3
Дата проведения временной организации 2018
Место проведения временной организации Липецк
Идентификатор авторитетной/нормативной записи RU\NLR\AUTH\880500959
712 02 - НАИМЕНОВАНИЕ ОРГАНИЗАЦИИ - ВТОРИЧНАЯ ОТВЕТСТВЕННОСТЬ
Начальный элемент ввода Липецкий государственный педагогический университет им. П. П. Семенова-Тян-Шанского
Структурное подразделение Институт психологии и образования
Идентификатор авторитетной/нормативной записи RU\NLR\AUTH\880500701
Код отношения Прочие
942 ## - ДОПОЛНИТЕЛЬНЫЕ ЭЛЕМЕНТЫ ЗАПИСИ (АБИС)
Тип экземпляра АБИС Книга
980 ## - КОЛЛЕКЦИЯ
Название коллекции НБР
980 ## - КОЛЛЕКЦИЯ
Название коллекции Национальная библиография

Нет доступных экземпляров.